The Leader in You/ (Record no. 211532)

MARC details
000 -LEADER
fixed length control field 00548nam a22001937a 4500
005 - DATE AND TIME OF LATEST TRANSACTION
control field 20250603143208.0
010 ## - LCCN (DPL NO)
LC control number ENG-145133
020 ## - INTERNATIONAL STANDARD BOOK NUMBER
International Standard Book Number 9789354980114
Terms of availability 495.00
035 ## - SYSTEM CONTROL NUMBER
System control number EN-128665
037 ## - SOURCE OF ACQUISITION
Source of stock number/acquisition DBAD
082 ## - DEWEY DECIMAL CLASSIFICATION NUMBER
Classification number 158.1
Edition number 1
100 ## - MAIN ENTRY--PERSONAL NAME
Personal name Carnegie, Dale
245 ## - TITLE STATEMENT
Title The Leader in You/
Statement of responsibility, etc Dale Carnegie
250 ## - EDITION STATEMENT
Edition statement 1
260 ## - PUBLICATION, DISTRIBUTION, ETC. (IMPRINT)
Place of publication, distribution, etc New Delhi
Name of publisher, distributor, etc FBS Publishers & Distributors
Date of publication, distribution, etc 1
270 ## - ADDRESS
Address 918, Mukerjee Nagar,
City New Delhi
Postal code 110009
Telephone number 09654444181
300 ## - PHYSICAL DESCRIPTION
Extent 184p.
Dimensions 22cm(hb)
942 ## - ADDED ENTRY ELEMENTS (KOHA)
Source of classification or shelving scheme Dewey Decimal Classification
Item type English Books
Call number suffix CAR
Classification part 158.1
Holdings
Withdrawn status Lost status Not for loan Collection code Home library Current library Date acquired Source of acquisition Cost, normal purchase price Full call number Barcode Copy number Cost, replacement price Koha item type
      Non-fiction New Police Line New Police Line 03/06/2025 Delivery of Books Act Division 495.00 CAR 158.1 EN-128665 1 495.00 English Books

© Delhi Public Library
Hit Counter
free hit counter